000 00694cam a2200205 4500
001 J117117
008 000000n2002 000 0 eng u
035 _a(Sirsi) u117117
050 _a352.0025
110 _aHemming Information Services
_94202
245 _aMYB pocket guide 2002
260 _aLondon
_bHemming Information Services
_c2002
300 _a40p.
_c21cm.
520 _aPocket edition of the "Municipal year book " giving the name of the Chief Executive and contact details for every local authority in Great Britain and Northern Ireland.
650 _aDIRECTORIES
650 _aLOCAL AUTHORITIES
650 _aCOUNTY COUNCILS
690 _aLOCAL GOVERNMENT
942 _n0
999 _c101944
_d101944